| 000 | 01123nam a2200301Ia 4500 | ||
|---|---|---|---|
| 001 | Para_586 | ||
| 003 | CHAP | ||
| 008 | 220125s1993 xx 000 0 und d | ||
| 010 | _a199346 | ||
| 040 | _cCHAP | ||
| 090 | _aPA TESIS 660 | ||
| 100 |
_aArmendariz Mancinas, María Esther _97173 |
||
| 245 |
_aPoblación estratificada y germinación de semillas de "sorgo maleza" (Sorghum bicolor (L.) Moench) en tres sistemas de labrnza en el oriente de Morelos, México / _c por María Esther Armendariz Mancinas y Francisco Hernández Blanco |
||
| 260 |
_aChapingo, Méx. : _b el autor |
||
| 300 | _a107 h. | ||
| 502 | _aTesis (Ing. Agr. Esp. en Parasitología Agrícola) -- UACh. Departamento Parasitología Agrícola | ||
| 650 |
_aSorgo _x germinación _9108674 |
||
| 650 |
_aSorgo _x Morelos _9108698 |
||
| 700 |
_aHernández Blanco, Francisco _953859 |
||
| 710 |
_aUACh. Departamento Parasitología Agrícola _9164025 |
||
| 901 | _aPA TESIS 660 | ||
| 902 | _aA | ||
| 905 | _a0000001993 a 0000000000 00 | ||
| 910 | _a1993 | ||
| 942 | _cPARA | ||
| 942 |
_cPARA _d1 |
||
| 999 |
_c199346 _d199346 |
||